<?xml version="1.0" encoding="UTF-8"?>
<record
    xmlns:xsi="http://www.w3.org/2001/XMLSchema-instance"
    xsi:schemaLocation="http://www.loc.gov/MARC21/slim http://www.loc.gov/standards/marcxml/schema/MARC21slim.xsd"
    xmlns="http://www.loc.gov/MARC21/slim">

  <leader>00491nam a22001457a 4500</leader>
  <controlfield tag="005">20120210144724.0</controlfield>
  <datafield tag="020" ind1=" " ind2=" ">
    <subfield code="a">8120324099</subfield>
    <subfield code="c">295.00</subfield>
  </datafield>
  <datafield tag="035" ind1=" " ind2=" ">
    <subfield code="a">B-106506</subfield>
  </datafield>
  <datafield tag="037" ind1=" " ind2=" ">
    <subfield code="a">DPL</subfield>
    <subfield code="b">ENG</subfield>
  </datafield>
  <datafield tag="245" ind1=" " ind2=" ">
    <subfield code="a">Operating System : Linux /</subfield>
  </datafield>
  <datafield tag="260" ind1=" " ind2=" ">
    <subfield code="a">New Delhi</subfield>
    <subfield code="b">Prentice-Hall of India</subfield>
    <subfield code="c">2004</subfield>
  </datafield>
  <datafield tag="300" ind1=" " ind2=" ">
    <subfield code="a">xv, 424p.</subfield>
    <subfield code="c">22 cms.</subfield>
  </datafield>
  <datafield tag="942" ind1=" " ind2=" ">
    <subfield code="2">ddc</subfield>
    <subfield code="c">EN</subfield>
    <subfield code="h">005.43</subfield>
    <subfield code="m">OPE</subfield>
  </datafield>
  <datafield tag="999" ind1=" " ind2=" ">
    <subfield code="c">62522</subfield>
    <subfield code="d">62522</subfield>
  </datafield>
  <datafield tag="952" ind1=" " ind2=" ">
    <subfield code="0">0</subfield>
    <subfield code="1">0</subfield>
    <subfield code="4">0</subfield>
    <subfield code="7">0</subfield>
    <subfield code="8">NFIC</subfield>
    <subfield code="a">ZLS</subfield>
    <subfield code="b">ZLS</subfield>
    <subfield code="d">2012-02-10</subfield>
    <subfield code="g">295.00</subfield>
    <subfield code="l">0</subfield>
    <subfield code="o">005.43 OPE</subfield>
    <subfield code="p">B-106506</subfield>
    <subfield code="r">2012-02-10 00:00:00</subfield>
    <subfield code="v">295.00</subfield>
    <subfield code="w">2012-02-10</subfield>
    <subfield code="y">EN</subfield>
  </datafield>
</record>
